| 000 | 00545nam a2200193 a 4500 | ||
|---|---|---|---|
| 001 | 3602 | ||
| 003 | CDMR | ||
| 005 | 20131104132115.0 | ||
| 008 | 130130s1961||||||||||||||||||||||||||||d | ||
| 040 |
_aCDMR _bcat _cCDMR |
||
| 100 | 1 |
_aLiebling, Abbott Joseph _92569 |
|
| 245 | 1 | 4 |
_aThe press _cA. J. Liebling |
| 260 |
_aNew York _c1961 _bBallantine Books |
||
| 300 | _a284 p. | ||
| 650 | 0 | 4 |
_9257 _aPremsa _zEstats Units d'Amèrica |
| 650 | 0 | 4 |
_94097 _aAnàlisi de contingut (Comunicació) |
| 650 | 0 | 4 |
_93219 _aPeriodisme _xObjectivitat |
| 942 |
_cMON _2udc |
||
| 999 |
_c3602 _d3602 |
||